Sports Quiz

Random Sports or NFL Quiz

Week 1 Starting RBs matched to their college Quiz Stats

 Plays Quiz not verified by Sporcle

Challenge
Share
Tweet
Score 0/32 Timer 06:00
0 Plays Today
% Correct
Adrian Peterson
97.3%
Reggie Bush
96%
Mark Ingram
94.7%
Trent Richardson
94.7%
Ray Rice
93.3%
Darren McFadden
92%
CJ Spiller
90.7%
Doug Martin
90.7%
Cedric Benson
89.3%
Willis McGahee
89.3%
Frank Gore
89.3%
Maurice Jones-Drew
88%
Chris Johnson
86.7%
Marshawn Lynch
86.7%
Stevan Ridley
85.3%
LeSean McCoy
85.3%
% Correct
DeMarco Murray
84%
Arian Foster
84%
Donald Brown
84%
Matt Forte
82.7%
Shonne Greene
80%
DeAngelo Williams
80%
Steven Jackson
80%
Jamaal Charles
80%
Ryan Williams
80%
Ahmad Bradshaw
78.7%
Alfred Morris
78.7%
BenJarvus Green-Ellis
78.7%
Michael Turner
77.3%
Kevin Smith
77.3%
Isaac Redman
74.7%
Curtis Brinkley
73.3%

You're not logged in!

Compare scores with friends on all Sporcle quizzes.
OR
Log In

You Might Also Like...

Show Comments

Extras

Top Quizzes Today


Score Distribution

Your Account Isn't Verified!

In order to create a playlist on Sporcle, you need to verify the email address you used during registration. Go to your Sporcle Settings to finish the process.

Report this User

Report this user for behavior that violates our Community Guidelines.

Details: